00359nam a2200133Ia 4500008004100000020001500041041001200056082001900068100002900087245003600116260002700152300001800179650002800197231217s9999 xx 000 0 und d a8178810573 aEnglish a346.004 NAI;5 aNaidu, Kumar Swamy G ed. 0aEquity markets : a new paradigm cNULLbIcfaiaHyderabad axiii, 188+A14 aEquity,markets,paradigm